000 01119nam a2200265Ia 4500
001 18154
003 GE_BSU
008 181216s||||||||xx |||||||||||||| ||und||
020 _a978-9941-12-972-8
040 _cGE_BSU
080 _a81'374(038)=353.1'282
100 _aუკლება, ლეილა
245 _aიმერული დიალექტის სალექსიკონო მასალა
245 _cრედ. ჟუჟუნა ფეიქრიშვილი
260 _aთბილისი
260 _bუნივერსალი
260 _c2010
300 _a180გვ. : ფოტ. ; 20სმ.
300 _eდანართი: გვ. 96-171. ფოტომასალა: გვ. 172-179.
541 _h7ლ.
653 _aიმერული დიალექტის სალექსიკონო მასალა
653 _aქართველ მწერალთა ენა; გოთუა ლევან; ევდოშვილი, იროდიონ
653 _aქართული ენა
942 _cBK
999 _c51195
_d51195